Neurológia a neurologické ošetrovateľstvo

Bibliographic Details
Main Authors: Šanta, Marián, 1955- (Author), Klímová, Eleonóra, 1954- (Author), Lengyelová, Andrea, 1976- (Author), Cibríková, Silvia, 1973- (Author), Magurová, Dagmar, 1964- (Author), Cmorejová, Viera, 1958- (Author), Cinová, Jana, 1979- (Author)
Format: Book
Language:Slovak
PhysicalDescription:216 s., 2 tab. na príl. fotogr., ilustr., sch. 29 cm
Published: Prešov Prešovská univerzita 2007
ISBN:9788080685782
Edition:1. vyd.
Subjects:

MARC

LEADER 00000nam a2200000 a 4500
001 vtls008981898
003 SK-MaSNL
005 20260301124851.0
008 240314s2007 xo oal f p 000 0 slo
015 |a SNBA2007/06-02559 
020 |a 9788080685782  |q (brož.) 
035 |a 7BCEB905-93C3-40C8-A163-40D4206430F7 
035 |a urn:nbn:sk:snk-amkqbs 
035 |a urn:nbn:sk:snk-am005e54 
040 |a SNK  |b slo  |c SNK  |e AACR2 
041 0 |a slo 
044 |a xo  |c SK 
072 7 |a 616  |x Patológia. Klinická medicína  |2 konspekt 
080 |a 616.8  |2 2001 
080 |a 616.8-07  |2 2001 
080 |a 616-083  |2 2001 
080 |a (07)  |2 2001 
100 1 |a Šanta, Marián,  |d 1955-  |4 aut  |9 8354 
245 1 0 |a Neurológia a neurologické ošetrovateľstvo  |c Marián Šanta, Eleonóra Klímová a kolektív 
250 |a 1. vyd. 
260 |a Prešov  |b Prešovská univerzita  |c 2007 
300 |a 216 s., 2 tab. na príl.  |b fotogr., ilustr., sch.  |c 29 cm 
366 |e 200 výtl. 
650 0 7 |a neurológia  |2 SNKPH  |9 908 
650 0 7 |a Neurology  |2 SNKPHeng  |9 267633 
650 0 7 |a Neurological examination  |2 SNKPHeng  |9 473959 
650 0 7 |a neurologické vyšetrenie  |2 SNKPH  |9 411167 
650 0 7 |a Nursing care  |2 SNKPHeng  |9 268413 
650 0 7 |a ošetrovateľská starostlivosť  |2 SNKPH  |9 63308 
655 7 |a učebné texty  |2 SNKPH  |9 70568 
655 7 |a Educational texts  |2 SNKPHeng  |9 277375 
700 1 |a Klímová, Eleonóra,  |d 1954-  |4 aut  |9 169749 
700 1 |a Lengyelová, Andrea,  |d 1976-  |4 aut  |9 188130 
700 1 |a Cibríková, Silvia,  |d 1973-  |4 aut  |9 196825 
700 1 |a Magurová, Dagmar,  |d 1964-  |4 aut  |9 160468 
700 1 |a Cmorejová, Viera,  |d 1958-  |4 aut  |9 196840 
700 1 |a Cinová, Jana,  |d 1979-  |4 aut  |9 196827 
919 |a 978-80-8068-578-2 
958 |a MI 
968 |d 61 
999 |c 740739  |d 742669 
952 |a SNK  |b SNK  |y PREZ  |7 0  |p 17A0549256  |o snkSB 74249  |i snk2007/10512  |8 0  |0 0  |1 0  |4 0  |d 2007-04-18  |f 1  |l 0  |r 2025-04-24 00:00:00  |w 2026-02-23 
952 |a SNK  |b SNK  |y VYP  |7 0  |p 17A0549257  |o snkSB 74249 D1  |i snk2007/10513  |8 0  |0 0  |1 0  |4 0  |d 2007-04-18  |l 0  |r 2016-06-30 00:00:00  |w 2026-02-23